000 00180 a2200097 4500
020 _a9780673762382
041 _aspa
100 _aGreene, Inez
245 _aMi perrito
942 _cBK
999 _c31937
_d31935